000 00199nam a2200085 4500
001 1258553
005 20260312191010.0
245 _aSON PEYGAMBER HZ. MUHAMMED
_cEBU'L HASAN ALİ EN-NEDVİ
260 _bAGD
999 _c1258553
_d1258553